[Event "Foment Martinenc op-C 19st"]
[Site "Barcelona"]
[Date "2017.06.17"]
[Round "9.35"]
[White "Ginesta Rajadell, Oriol"]
[Black "Teruel Sanz, Cristina"]
[Result "0-1"]
[WhiteElo "1520"]
[BlackElo "1680"]
[PlyCount "56"]
[EventDate "2017.04.22"]
[EventType "swiss"]
[EventRounds "9"]
[EventCountry "ESP"]
[SourceTitle "EXT 2024"]
[Source "ChessBase"]
[SourceDate "2023.10.10"]
[SourceVersion "1"]
[SourceVersionDate "2023.10.10"]
[SourceQuality "1"]

1. e4 e5 2. Nf3 Nc6 3. Bc4 Nf6 4. Nc3 a6 5. d3 b5 6. Bb3 Bb7 7. Bg5 Be7 8. Qd2 d6 9. 0-0 Ng4 10. Bxe7 Qxe7 11. h3 Nd4 12. Nxd4 exd4 13. Ne2 Ne5 14. Nxd4 0-0-0 15. Nf5 Qf6 16. Rae1 g6 17. Nd4 h5 18. a4 b4 19. Bd5 c6 20. Bc4 Rd7 21. Qxb4 c5 22. Qb6 cxd4 23. Bxa6 Qg5 24. Bxb7+ Rxb7 25. Qa6 Nf3+ 26. Kh1 Nxe1 27. Qa8+ Kc7 28. Qxh8 Qxg2# 0-1

[Event "Foment Martinenc op-C 19st"]
[Site "Barcelona"]
[Date "2017.04.29"]
[Round "2.24"]
[White "Gascon Lloret, Neus"]
[Black "Ginesta Rajadell, Oriol"]
[Result "1-0"]
[WhiteElo "1735"]
[BlackElo "1520"]
[PlyCount "95"]
[EventDate "2017.04.22"]
[EventType "swiss"]
[EventRounds "9"]
[EventCountry "ESP"]
[SourceTitle "EXT 2024"]
[Source "ChessBase"]
[SourceDate "2023.10.10"]
[SourceVersion "1"]
[SourceVersionDate "2023.10.10"]
[SourceQuality "1"]

1. d4 d5 2. e3 Nc6 3. c4 dxc4 4. Bxc4 Bf5 5. Nf3 e6 6. 0-0 Nf6 7. Nc3 Bd6 8. Re1 0-0 9. e4 Bg4 10. e5 Bb4 11. exf6 Qxf6 12. Be2 Rad8 13. Be3 e5 14. h3 Bxf3 15. Bxf3 Rd6 16. dxe5 Nxe5 17. Qe2 Nxf3+ 18. Qxf3 Qxf3 19. gxf3 Rg6+ 20. Kh2 Bd6+ 21. Kh1 a6 22. Rg1 Be5 23. Rxg6 fxg6 24. Kg2 Rf5 25. Rd1 Rf6 26. Bd4 Bxd4 27. Rxd4 Rb6 28. Rd2 Kf7 29. a3 c6 30. b4 a5 31. Rb2 axb4 32. axb4 c5 33. Nd5 Rb5 34. Rc2 cxb4 35. Nc7 Rb6 36. Rb2 Kf6 37. Nd5+ Ke5 38. Nxb6 Kf5 39. Rxb4 g5 40. Nd7 h5 41. Rxb7 g6 42. Rb4 Ke6 43. Nc5+ Ke5 44. Nd3+ Kf5 45. f4 gxf4 46. Nxf4 Kg5 47. Kf3 Kh6 48. Rb6 1-0

[Event "Foment Martinenc op-C 19st"]
[Site "Barcelona"]
[Date "2017.04.22"]
[Round "1.31"]
[White "Ginesta Rajadell, Oriol"]
[Black "Martinez Aguero, Francisco"]
[Result "1/2-1/2"]
[WhiteElo "1520"]
[BlackElo "1720"]
[PlyCount "111"]
[EventDate "2017.04.22"]
[EventType "swiss"]
[EventRounds "9"]
[EventCountry "ESP"]
[SourceTitle "EXT 2024"]
[Source "ChessBase"]
[SourceDate "2023.10.10"]
[SourceVersion "1"]
[SourceVersionDate "2023.10.10"]
[SourceQuality "1"]

1. e4 c5 2. f4 d6 3. Nc3 a6 4. Nf3 Nc6 5. Bc4 Bg4 6. d3 e6 7. Be3 Be7 8. Qd2 Bxf3 9. gxf3 Bh4+ 10. Bf2 Nd4 11. 0-0-0 Bf6 12. Bxd4 Bxd4 13. Ne2 Bf6 14. Rhg1 Qb6 15. c3 Rd8 16. f5 d5 17. exd5 exd5 18. Bb3 Ne7 19. Nf4 c4 20. dxc4 dxc4 21. Qxd8+ Qxd8 22. Rxd8+ Kxd8 23. Bxc4 Nxf5 24. Nh5 Ke7 25. Bd5 b6 26. Bb7 g6 27. Nxf6 Kxf6 28. Bxa6 Ra8 29. Bc4 Re8 30. Rd1 Re3 31. Rd7 Ne7 32. Bd5 Nxd5 33. Rxd5 Rxf3 34. Rd6+ Ke7 35. Rxb6 Rf1+ 36. Kd2 Rf2+ 37. Kd3 Rxh2 38. a4 Rh5 39. b4 f5 40. a5 Kd7 41. a6 Kc7 42. Re6 Rh1 43. b5 Rd1+ 44. Kc4 Rd8 45. b6+ Kb8 46. a7+ Kb7 47. Kb5 Rd5+ 48. Kc4 Ra5 49. Re7+ Kxb6 50. Rxh7 Rxa7 51. Rh6 Rg7 52. Kd4 Kc6 53. Ke5 Kb5 54. Kf6 Rc7 55. Rxg6 Rxc3 56. Kxf5 1/2-1/2